| 000 | nam a22 7a 4500 | ||
|---|---|---|---|
| 999 |
_c55136 _d55136 |
||
| 003 | OSt | ||
| 005 | 20220808170025.0 | ||
| 008 | 220808b xxu||||| |||| 00| 0 eng d | ||
| 040 | _cIIMT UNIVERSITY, MEERUT | ||
| 100 | _aSRIVASTAVA, RAJIV | ||
| 245 | _aDERIVATIVES AND RISK MANAGEMENT | ||
| 260 |
_aOXFORD _bDELHI _c2013 |
||
| 300 | _a592 | ||
| 942 |
_2ddc _c09 |
||